| 000 | 00920nac a22002537a 4500 | ||
|---|---|---|---|
| 001 | BR7803679 | ||
| 003 | BR-BrBNA | ||
| 005 | 20240105114237.0 | ||
| 008 | 230509b bl.|||m| |||| 00| 0 por d | ||
| 040 |
_aBR-BrBNA _bpor _cBiblioteca Nacional de Agricultura |
||
| 072 | _aE70 | ||
| 090 | _a0430 BR7803679 | ||
| 110 | 1 |
_aEmpresa Brasileira de Pesquisa Agropecuaria, Brasilia, DF. Depto. de Difusao de Tecnologia _93869 |
|
| 245 | 1 |
_aCotacoes do mercado e demais indicadores economicos. Algodao. Outubro 1978 [Gossypium hirsutum; Brasil] _bInforme especial |
|
| 260 | 3 |
_aBrasilia, DF (Brasil): _c1978. |
|
| 300 | _a9 p. | ||
| 490 |
_aSerie Economia - Empresa Brasileira de Pesquisa Agropecuaria (Brazil) _vno. 5 _x |
||
| 650 | _aComercializacao | ||
| 650 | _aAlgodao | ||
| 650 | _aMercado internacional | ||
| 650 | _aMercado nacional | ||
| 909 |
_a202312 _bLúcia Elande _c55 _dLúcia Elande |
||
| 942 |
_2AGRIS _n0 _cMS |
||
| 999 |
_c268221 _d268221 |
||